00840nam a22002411 450000100060000000300080000600500170001400800410003103500190007204000270009104100080011808200220012610000450014824500450019326000430023830000260028149000720030750000260037965000260040594200120043199900170044395201380046029009BD-RjUL20211209051347.0140401s1946 nyu 000 0 eng  a(BD-RjUL)29094 aDLCcDLCdBD-RjULbeng aeng00a150.13bLIP 19491 aLiebman, Joshua Loth,d1907-1948.98861110aPeace of mind /cby Joshua Loth Liebman. aNew York :bSimon and Schuster ,c1946 axiv, 203 p. :c21 cm.0 a[Jewish Institute of religion, New York. Charles W. Eliot lectures] aSequel: Hope for man. 0aPeace of mind.988612 2ddccBK c29009d29009 00102ddc40728NFICaRUCLbRUCLcReadingd1958-02-08eU.S.I.S. Daccal0o150.13 LIP 1949r2014-04-01 00:00:00tC-1w2014-04-01yBK